zpět

Detail výsledku týmu

D9vítka, Šumperk

Datum a čas kvízu

18 Celkem bodů Celkový počet nahraných bodů na tomto kvízu bez doplňovacích otázek.
11. Pořadí na kvízu Konečné umístění týmu na tomto kvízu.

Zaznamenané odpovědi

# Otázka Odpověď Body Výsledky
1. Jak se jmenuje český politik,... Jiří Pospíšil 0
2. V Dánsku se stala hitem satiri... California 0
3. Minulý týden byl zveřejněn tra... Brad Pitt 0
4. V úterý byl představen Index p... Turnov, Luhačovice 0.5
5. Ve středu byl v městečku Lenze... ve Švýcarsku 0
6. Vítězné téma facebookového hla... Augustus 0
7. Který diktátor posbíral během... Benito Mussolini 0
8. Na fotce je rodný dům diktátor... Kim Ir-sen (Kim Il-sung) 0
9. Který diktátor se nechal před... Alexandr Lukašenko 1
10. Mezi mnoho afrických diktátorů... Uganda, Kampaly 0